000 00705nam a2200241 a 4500
999 _c1735
_d1735
001 1735
003 BD-JhCC
005 20171023202759.0
008 171023s2011 bg |||| ||a| 000 0 ben d
020 _a9789848765715
035 _a(BD-JhCC)1735
040 _aBD-JhCC
_dBD-JhCC
041 _aben
082 _a923.1
_bHUD 2011
100 _aহুদা, নীলুফার
245 _aকর্ণেল হুদা ও আমার যুদ্ধ /
_cনীলুফার হুদা
260 _aঢাকা :
_bপ্রথমা প্রকাশন,
_c2011.
300 _a207 p. :
_c22 cm.
600 _aHuda, Nilufar
650 _aBiography
942 _2ddc
_cBK